00909 2200277 4500001002100000005001700021008004100038035002400079040001200103041000800115082001800123084001800141090002200159100002800181245014800209250001600357260003300373300002700406500007600433504003100509650002200540700002300562700001600585850001200601990001800613INLIS00000000002969320170726105820.0  0010-071700000000863 aYOPDYOG0 aind042[23]a297.266 a297.266 Has K aBTR 297.266 Has K3 aHASIBUAN, IMRAN EFFENDY1 aKumpulan Ayat-ayat Al Qur'anb: Seri Biologi dilengkapi dengan tafsir ringkasc/ Imran Effendy Hasibuan; editor, H. Muhammad Nazir, Amir Hamzah aEd.1, Cet.1 aRiaubBabussalam Pressc1997 aix, 279 hlm.c; 21 cm. aUntuk Sekolah Menengah Umum / Madrasah Aliyah sesuai kurikulum SMU 1994 aBibliografi : hlm. 276-277 4aIslam dan Biologi0 aMuhammad Nazir, H.0 aAmir Hamzah aYOPDYOG a55376-PD/A.17